000 00482nam a2200181Ia 4500
008 100920s9999 xx 000 0 und d
082 _b98322
_a24 न 07
100 _aमंगेशकर गीता.
245 _aसुगंध.
260 _bसायली ,पुणे.
_c2007
300 _a256
_bसाधी
365 _b250
520 _aसायो.
630 _aसुगंध.
650 _aसायो.
730 _aसुगंध.
942 _cBOOK
999 _c738760
_d738757